Una Historia del Conurbarno (Registro nro. 1270)
[ vista simple ]
| 000 -CABECERA | |
|---|---|
| fixed length control field | 00877nam a22002417a 4500 |
| 003 - CONTROL NUMBER IDENTIFIER | |
| control field | AR-BeUNQ |
| 005 - FECHA Y HORA DE LA ULTIMA TRANSACCION | |
| control field | 20250507154211.0 |
| 008 - ELEMENTOS DE LONGITUD FIJA-INFORMACION GENERAL | |
| fixed length control field | 250507b |||||||| |||c001 hdspa d |
| 020 ## - NUMERO INTERNACIONAL NORMALIZADO PARA LIBROS | |
| Número Internacional Normalizado del libro | 9789504981114 |
| 040 ## - FUENTE DE CATALOGACION | |
| Agencia de catalogación original | AR-BeUNQ |
| Idioma de catalogación | ESPAÑOL |
| Agencia que realiza la transcripción | AR-BeUNQ |
| Convenciones de la descripción | aacr |
| 082 ## - NUMERO DE CLASIFICACION DECIMAL DEWEYMBER | |
| Número de la edición | 21 |
| Número de clasificación | A867 SAB |
| 100 10 - ASIENTO PRINCIPAL-NOMBRE PERSONAL | |
| Nombre personal | Saborido, Pedro. |
| Títulos u otras palabras asociadas al nombre | aut. |
| Fecha asociada al nombre | 1964 |
| 245 ## - MENCION DE TITULO | |
| Título | Una Historia del Conurbarno |
| Mención de responsabilidad, etc | Pedro Saborido |
| Medio físico | libro. |
| 250 ## - MENCION DE EDICION | |
| Mención de edición | 1a. ed |
| 260 ## - PUBLICACION, DISTRIBUCION, ETC. | |
| Lugar de publicación, distribución, etc. | Ciudad Autónoma de Buenos Aires . |
| Nombre del editor, distribuidor, etc. | Planeta, |
| Fecha de publicación, distribución, etc | 2021 |
| 300 ## - DESCRIPCION FISICA | |
| Extensión | 224 p. ; |
| Dimensiones | 23 cm |
| 490 ## - MENCION DE SERIE | |
| Mención de serie | identidades Bonaerenses |
| 500 ## - NOTA GENERAL | |
| Nota general | Micro relatos sobre la vida en el conurbano de Buenos Aires. Despliega una mirada lúcida, mordaz y encantadora. |
| 650 ## - ASIENTO SECUNDARIO DE MATERIA - TERMINO TEMATICO | |
| Término temático o nombre geográfico como elemento de entrada | Narrativa Humorística |
| Fuente del encabezamiento o términ | tell |
| 651 ## - ASIENTO SECUNDARIO DE MATERIA - NOMBRE GEOGRAFICO | |
| Nombre geográfico | Argentina |
| Fuente del encabezamiento o término | unescot |
| 929 ## - DATOS DE ADQUISICION | |
| Procedencia | DONACION |
| Proveedor | Ministerio de Educación de la Pcia de Buenos Aires |
| Orden de compra | 0 |
| Precio | 0 |
| Fecha de recibido | 05/11/2024 |
| Patrimonio UNQ | PAT0082611 |
| 942 ## - ELEMENTOS DE PUNTO DE ACCESO ADICIONAL (KOHA) | |
| Tipo de ítem Koha | Libros |
| Estado de retiro | Estado de pérdida | Ubicación permanente | Ubicación actual | Ubicación en estantería | Fecha de ingreso | Total Checkouts | Signatura topográfica completa | Inventario | Date last seen | Tipo de ítem Koha | Operador |
|---|---|---|---|---|---|---|---|---|---|---|---|
| Biblioteca ESET - UNQ | Biblioteca ESET - UNQ | CIRCULACION | 07/05/2025 | A868 SAB | 62985 | 07/05/2025 | Libros | Gladys Alarcon |